Bilančná politika, zmeny účtovných odhadov a chyby podľa Medzinárodných štandardov účtovného výkazníctva

Zmysel štandardu IAS 8 - Bilančná politika, zmeny účtovných odhadov a chyby. Predchádzajúca verzia štandardu. Mimoriadne položky prezentované vo VZaS podľa IAS 8 (do konca roka 2004). Teoretický prístup. Praktické problémy. Bilančná politika. Voľba a aplikácia zásad bilančnej politiky. Konzistentné...

Ausführliche Beschreibung

Gespeichert in:
Bibliographische Detailangaben
1. Verfasser: Krupová, Lenka
Weitere Verfasser: Tumpach, Miloš, 1970-
Format: Buchkapitel
Sprache:Slowakisch
Schlagworte:
Tags: Tag hinzufügen
Keine Tags, Fügen Sie das erste Tag hinzu!

MARC

LEADER 00000naa$a2200000$$$4500
001 0067135
005 20240502071813.7
041 0 |a slo 
044 |a SK 
245 1 0 |a Bilančná politika, zmeny účtovných odhadov a chyby podľa Medzinárodných štandardov účtovného výkazníctva  |c Lenka Krupová, Miloš Tumpach 
520 |a Zmysel štandardu IAS 8 - Bilančná politika, zmeny účtovných odhadov a chyby. Predchádzajúca verzia štandardu. Mimoriadne položky prezentované vo VZaS podľa IAS 8 (do konca roka 2004). Teoretický prístup. Praktické problémy. Bilančná politika. Voľba a aplikácia zásad bilančnej politiky. Konzistentné uplatňovanie zásad bilančnej politiky. Zmeny zásad bilančnej politiky. Vykazovanie zmien zásad bilančnej politiky. Zmeny účtovných odhadov. Chyby. Príklady. 
610 2 0 |a IFRS 
610 2 0 |a bilancia bežná 
610 2 0 |a odhady 
610 2 0 |a účtovanie 
610 2 0 |a IAS 8 
100 1 |a Krupová, Lenka 
700 1 |a Tumpach, Miloš, 1970-